000
00323 a2200157 4500
001
157209
040
_c
Escola São Tomás de Aquino
100
_a
ANDRADE, Carlos Drummond de
240
1
0
_a
Corpo
_l
por
245
1
0
_a
Corpo
300
_a
124 p.
362
0
_a
1984
440
1
_a
Record
697
_a
Poesia
942
_c
BK
999
_c
157209
_d
157209